Informe Nacional de Costa Rica
Uloženo v:
| Médium: | Text |
|---|---|
| Témata: | |
| Tagy: |
Přidat tag
Žádné tagy, Buďte první, kdo vytvoří štítek k tomuto záznamu!
|
MARC
| LEADER | 00000 a a2200000 04500 | ||
|---|---|---|---|
| 001 | 14146 | ||
| 003 | |||
| 040 | |||
| 245 | |a Informe Nacional de Costa Rica | ||
| 650 | |a INFORMES | ||
| 650 | |a NACION | ||
| 650 | |a ECONOMIA | ||
| 650 | |a GOBERNABILIDAD | ||
| 650 | |a DEMOCRACIA | ||
| 650 | |a SELECCION DEL PERSONAL | ||
| 650 | |a COSTA RICA | ||
| 773 | |g número 42 -43; páginas 203-212 | ||
| 999 | |c 33630 |d 33630 | ||
